Aktarım Tamamlandı — 

 Managerial Accounting

Saved in:
Bibliographic Details
Main Author:  Garrison, Ray H
Format: Sách
Language:Undetermined
Published:  Mc Graw - Hill Companies. Inc  2006
Subjects:
Tags: Add Tag
No Tags, Be the first to tag this record!
Institutions: Trung tâm Thư viện - Trường Đại học Công nghiệp TP. Hồ Chí Minh
LEADER 00487nam a2200157Ia 4500
001 UIH_05120
008 231011s9999 xx 000 0 und d
082 |a  658.15 
100 |a  Garrison, Ray H 
245 0 |a  Managerial Accounting 
245 0 |c  Garrison, Ray H 
260 |b  Mc Graw - Hill Companies. Inc 
260 |c  2006 
650 |a  Quản trị tài chính;  
927 |a Sách 
980 |a Trung tâm Thư viện - Trường Đại học Công nghiệp TP. Hồ Chí Minh